[Event "Chiasso 2days op"]
[Site "Chiasso"]
[Date "2020.10.24"]
[Round "1"]
[White "Cacinschi, Alexandru"]
[Black "Purgaj, Christopher"]
[Result "1/2-1/2"]
[WhiteElo "2123"]
[BlackElo "1724"]
[PlyCount "70"]
[EventDate "2020.10.24"]
[EventType "swiss"]
[EventRounds "5"]
[EventCountry "SUI"]
[SourceTitle "EXT 2022"]
[Source "ChessBase"]
[SourceDate "2021.10.06"]
[SourceVersion "1"]
[SourceVersionDate "2021.10.06"]
[SourceQuality "1"]

1. c4 e6 2. Nf3 f5 3. g3 Nf6 4. Bg2 Be7 5. Qc2 0-0 6. 0-0 d6 7. d3 Nc6 8. a3 a5 9. Nc3 Qe8 10. Nb5 Bd8 11. Bd2 e5 12. b4 axb4 13. axb4 Rxa1 14. Rxa1 e4 15. Nfd4 exd3 16. exd3 Ne5 17. Ra8 Qd7 18. Na7 Be7 19. Nxc8 Rxc8 20. Bxb7 Rxa8 21. Bxa8 c5 22. Nb5 d5 23. Bf4 dxc4 24. Bxe5 Qxb5 25. dxc4 Qxb4 26. Qxf5 Qb6 27. g4 Qd8 28. Bf3 Nd7 29. Bd5+ Kh8 30. Be4 Nf8 31. Qf7 Qd1+ 32. Kg2 Qxg4+ 33. Kf1 Qd1+ 34. Kg2 Qg4+ 35. Kf1 Qd1+ 1/2-1/2

[Event "Chiasso 2days op"]
[Site "Chiasso"]
[Date "2020.10.24"]
[Round "2"]
[White "Koller, Nikita"]
[Black "Cacinschi, Alexandru"]
[Result "0-1"]
[WhiteElo "1535"]
[BlackElo "2123"]
[PlyCount "90"]
[EventDate "2020.10.24"]
[EventType "swiss"]
[EventRounds "5"]
[EventCountry "SUI"]
[SourceTitle "EXT 2022"]
[Source "ChessBase"]
[SourceDate "2021.10.06"]
[SourceVersion "1"]
[SourceVersionDate "2021.10.06"]
[SourceQuality "1"]

1. e4 c6 2. Nc3 d5 3. Nf3 g6 4. d4 Bg4 5. h3 Bxf3 6. Qxf3 dxe4 7. Qxe4 Bg7 8. Be3 Nf6 9. Qd3 Nbd7 10. Qd2 Nb6 11. 0-0-0 Qd7 12. Kb1 e6 13. Be2 Nbd5 14. Nxd5 cxd5 15. Qb4 a6 16. Bf3 Rc8 17. Rhe1 Rc4 18. Qd2 0-0 19. Bh6 Rfc8 20. Bxg7 Kxg7 21. c3 b5 22. Rc1 a5 23. a3 Qb7 24. Red1 Qb6 25. g3 Ne8 26. Be2 R4c7 27. h4 Nd6 28. f3 h5 29. g4 hxg4 30. h5 gxf3 31. Bxf3 b4 32. cxb4 Rxc1+ 33. Rxc1 Rxc1+ 34. Kxc1 axb4 35. Qxb4 Qxb4 36. axb4 Nb5 37. hxg6 Kxg6 38. Kd2 Nxd4 39. Bg2 Kf6 40. Kd3 Ke5 41. Bf1 Nf5 42. b3 Kd6 43. Bh3 Kc6 44. Bxf5 exf5 45. Kd4 f4 0-1

[Event "Nichelino op 17th"]
[Site "Nichelino"]
[Date "2016.10.09"]
[Round "5"]
[White "Cacinschi, Alexandru"]
[Black "Petkov, Vladimir"]
[Result "0-1"]
[WhiteElo "2110"]
[BlackElo "2517"]
[PlyCount "60"]
[EventDate "2016.10.07"]
[EventType "swiss"]
[EventRounds "5"]
[EventCountry "ITA"]
[SourceTitle "EXT 2018"]
[Source "ChessBase"]
[SourceDate "2017.10.13"]
[SourceVersion "1"]
[SourceVersionDate "2017.10.13"]
[SourceQuality "1"]

1. c4 e5 2. Nc3 Bb4 3. g3 Bxc3 4. bxc3 Ne7 5. Bg2 Nbc6 6. d3 d6 7. Nf3 0-0 8. 0-0 h6 9. a4 a5 10. Ne1 Be6 11. Nc2 Qd7 12. Re1 Bh3 13. Bh1 f5 14. f4 exf4 15. gxf4 Ng6 16. e3 Nh4 17. Qe2 Rf6 18. Kf2 Bg4 19. Qd2 Re8 20. Rg1 Kh7 21. Rg3 g5 22. fxg5 hxg5 23. h3 f4 24. exf4 Rxf4+ 25. Qxf4 gxf4 26. Rxg4 Ng6 27. Be4 Rxe4 28. dxe4 Nce5 29. Rg1 Qxh3 30. Bd2 Qf3+ 0-1

[Event "Nichelino op 17th"]
[Site "Nichelino"]
[Date "2016.10.08"]
[Round "2"]
[White "Cacinschi, Alexandru"]
[Black "Rotundo, Raffaele"]
[Result "1/2-1/2"]
[WhiteElo "2110"]
[BlackElo "1949"]
[PlyCount "51"]
[EventDate "2016.10.07"]
[EventType "swiss"]
[EventRounds "5"]
[EventCountry "ITA"]
[SourceTitle "EXT 2018"]
[Source "ChessBase"]
[SourceDate "2017.10.13"]
[SourceVersion "1"]
[SourceVersionDate "2017.10.13"]
[SourceQuality "1"]

1. c4 e6 2. d3 d5 3. Nd2 Nf6 4. Ngf3 c5 5. g3 Nc6 6. Bg2 Be7 7. 0-0 0-0 8. cxd5 exd5 9. b3 Be6 10. Bb2 Rc8 11. Rc1 d4 12. Nc4 Re8 13. e4 dxe3 14. fxe3 Bg4 15. h3 Bh5 16. g4 Bg6 17. Nfe5 Nxe5 18. Nxe5 Bd6 19. Nxg6 hxg6 20. Bxf6 gxf6 21. Bxb7 Rxe3 22. Rf3 Rxf3 23. Qxf3 Rc7 24. Be4 Be5 25. Rf1 Qd4+ 26. Qf2 1/2-1/2

[Event "Nichelino op 17th"]
[Site "Nichelino"]
[Date "2016.10.08"]
[Round "3"]
[White "Tripodi, Enzo"]
[Black "Cacinschi, Alexandru"]
[Result "0-1"]
[WhiteElo "1962"]
[BlackElo "2110"]
[PlyCount "96"]
[EventDate "2016.10.07"]
[EventType "swiss"]
[EventRounds "5"]
[EventCountry "ITA"]
[SourceTitle "EXT 2018"]
[Source "ChessBase"]
[SourceDate "2017.10.13"]
[SourceVersion "1"]
[SourceVersionDate "2017.10.13"]
[SourceQuality "1"]

1. e4 c6 2. d4 d5 3. exd5 cxd5 4. Bd3 Nc6 5. Nf3 Bg4 6. c3 Nf6 7. h3 Bh5 8. Bf4 Qb6 9. Qe2 Bxf3 10. gxf3 e6 11. 0-0 Be7 12. a4 0-0 13. Kh1 Rfc8 14. Rg1 g6 15. Bg5 Nh5 16. f4 Bxg5 17. fxg5 Nf4 18. Qd2 Nxd3 19. Qxd3 Qxb2 20. Nd2 Na5 21. Rgc1 Qb6 22. Rab1 Qd8 23. f4 b6 24. Nf3 Nc4 25. h4 Nd6 26. Kg2 Qc7 27. Ne5 Nc4 28. Rb4 Nxe5 29. fxe5 Qe7 30. Qf3 Qxb4 31. cxb4 Rxc1 32. Qf6 Rac8 33. Qe7 R1c7 34. Qd6 Rc4 35. Qd7 Rf8 36. Qxa7 Rxb4 37. Kg3 Rxd4 38. Qxb6 Rxa4 39. Qc6 Rc4 40. Qd6 Ra8 41. Qe7 Rb8 42. Qa3 d4 43. Qd6 Rbc8 44. Qd7 d3 45. Kf3 R4c5 46. Ke4 d2 47. Qxd2 Rc4+ 48. Kd3 Rd8+ 0-1

[Event "Nichelino op 17th"]
[Site "Nichelino"]
[Date "2016.10.07"]
[Round "1"]
[White "Martin, Tiziano"]
[Black "Cacinschi, Alexandru"]
[Result "1/2-1/2"]
[WhiteElo "1912"]
[BlackElo "2110"]
[PlyCount "95"]
[EventDate "2016.10.07"]
[EventType "swiss"]
[EventRounds "5"]
[EventCountry "ITA"]
[SourceTitle "EXT 2018"]
[Source "ChessBase"]
[SourceDate "2017.10.13"]
[SourceVersion "1"]
[SourceVersionDate "2017.10.13"]
[SourceQuality "1"]

1. d4 g6 2. Nf3 Bg7 3. Bf4 d6 4. e3 Nf6 5. h3 c5 6. c3 0-0 7. Nbd2 Nc6 8. Bc4 Qb6 9. Qb3 Na5 10. Qxb6 axb6 11. Bd3 Nc6 12. 0-0 Re8 13. Bb5 Nd7 14. Nc4 d5 15. Nce5 Ncxe5 16. Nxe5 Rd8 17. Nf3 Ra5 18. Be2 Re8 19. Rfd1 c4 20. Kf1 Nf6 21. Bc7 Ra6 22. Nd2 b5 23. Bf3 Bf5 24. a3 Bd3+ 25. Kg1 Ne4 26. g4 e6 27. Nxe4 dxe4 28. Bg2 f5 29. Re1 Kf7 30. f4 Bf8 31. Rac1 Rea8 32. Be5 Ke7 33. g5 Kd7 34. Kf2 Kc6 35. h4 Kb6 36. h5 Ka5 37. h6 Ka4 38. Red1 Kb3 39. Rd2 Ra4 40. Bf1 R8a6 41. Be2 Bxe2 42. Kxe2 Bd6 43. Bxd6 Rxd6 44. Ke1 Rc6 45. Rcd1 b4 46. axb4 Ra2 47. Rb1 Rd6 48. Rf2 1/2-1/2

[Event "Torino Spinelli Memorial 1st"]
[Site "Torino"]
[Date "2015.12.06"]
[Round "4"]
[White "Martin, Tiziano"]
[Black "Cacinschi, Alexandru"]
[Result "0-1"]
[WhiteElo "1926"]
[BlackElo "2090"]
[PlyCount "148"]
[EventDate "2015.12.04"]
[EventType "swiss"]
[EventRounds "5"]
[EventCountry "ITA"]
[SourceTitle "EXT 2018"]
[Source "ChessBase"]
[SourceDate "2017.10.13"]
[SourceVersion "1"]
[SourceVersionDate "2017.10.13"]
[SourceQuality "1"]

1. d4 c6 2. Nf3 g6 3. Bf4 Bg7 4. e3 Qb6 5. Qc1 d6 6. Nbd2 Nf6 7. h3 0-0 8. Bd3 Re8 9. 0-0 Nbd7 10. Bh2 Qd8 11. Rd1 e5 12. dxe5 dxe5 13. Bc4 Qe7 14. c3 a5 15. a4 Nd5 16. Ne4 N7b6 17. Bb3 h6 18. c4 Nb4 19. Nd6 Rf8 20. Nxc8 Raxc8 21. e4 c5 22. Qc3 Nc6 23. Rd2 Rcd8 24. Rad1 Rxd2 25. Nxd2 Rd8 26. Nf1 Nd4 27. Re1 Ra8 28. Ne3 Qd6 29. Nd5 Nxd5 30. exd5 b6 31. Bd1 Re8 32. Qd2 Qd7 33. Kh1 e4 34. f3 exf3 35. Rxe8+ Qxe8 36. Bxf3 Qxa4 37. d6 Qxc4 38. d7 Qf1+ 39. Bg1 Bf6 40. Qd1 Qxd1 41. Bxd1 Kf8 42. Bh2 Ke7 43. Bc7 Kxd7 44. Bxb6 Nc6 45. Bb3 Bxb2 46. Bxc5 f6 47. Bf8 h5 48. Ba4 Kc7 49. Bg7 Nb8 50. g4 hxg4 51. hxg4 g5 52. Bf8 Nd7 53. Be7 Nb6 54. Bb3 a4 55. Ba2 a3 56. Kg2 Kd7 57. Bb4 Kc6 58. Kf3 Kb5 59. Be7 Na4 60. Bf7 Kb6 61. Ke4 Nc3+ 62. Kf5 Kc6 63. Bxa3 Bxa3 64. Kxf6 Bc1 65. Bb3 Kc5 66. Bg8 Kd4 67. Kf5 Bf4 68. Be6 Nd5 69. Bd7 Ke3 70. Be6 Nc3 71. Bd7 Kf2 72. Kg6 Kg3 73. Kh5 Nd5 74. Bc8 Nf6+ 0-1

[Event "Torino Epifania op"]
[Site "Torino"]
[Date "2014.01.05"]
[Round "4"]
[White "Fassio, Luca"]
[Black "Cacinschi, Alexandru"]
[Result "1/2-1/2"]
[WhiteElo "2118"]
[BlackElo "2106"]
[PlyCount "172"]
[EventDate "2014.01.03"]
[EventType "swiss"]
[EventRounds "6"]
[EventCountry "ITA"]
[SourceTitle "EXT 2015"]
[Source "ChessBase"]
[SourceDate "2014.11.20"]
[SourceVersion "1"]
[SourceVersionDate "2014.11.20"]
[SourceQuality "1"]

1. e4 e6 2. d4 d5 3. Nd2 c5 4. exd5 exd5 5. Ngf3 Nf6 6. Bb5+ Bd7 7. Bxd7+ Nbxd7 8. 0-0 Be7 9. dxc5 Nxc5 10. Nb3 Nce4 11. Nfd4 Qd7 12. f3 Nd6 13. Nc5 Qc7 14. Nd3 0-0 15. Kh1 Rfe8 16. Bf4 Qb6 17. c3 Nc4 18. b3 Nd6 19. Qd2 Rac8 20. Rfe1 Nb5 21. Nxb5 Qxb5 22. Be5 Nd7 23. Bd4 Bf6 24. Nf4 a6 25. g3 Bxd4 26. Qxd4 Nf6 27. Rxe8+ Rxe8 28. Rd1 h6 29. Qd3 Qxd3 30. Rxd3 Re5 31. Kg1 g5 32. Ng2 Re2 33. a4 Rb2 34. b4 Rb3 35. Ne1 h5 36. h3 Kf8 37. g4 h4 38. Kf2 d4 39. Rxd4 Rxc3 40. a5 Ke7 41. Nd3 Rc2+ 42. Kg1 Nd7 43. f4 f6 44. fxg5 fxg5 45. Rd5 Rc3 46. Nf2 Rg3+ 47. Kf1 Rb3 48. Rxg5 Rxb4 49. Rh5 Ra4 50. Nd3 Nf6 51. Rf5 Ne4 52. Re5+ Kf6 53. Ke2 Ng3+ 54. Kd2 Ra2+ 55. Kd1 Ra3 56. g5+ Kf7 57. Nf4 Ra4 58. g6+ Kf6 59. Re6+ Kf5 60. g7 Rd4+ 61. Kc2 Rd8 62. Re7 Rg8 63. Nd5 Nh5 64. Rxb7 Rxg7 65. Rxg7 Nxg7 66. Nb4 Ne6 67. Nxa6 Kf4 68. Nb4 Nc7 69. Kd2 Kg3 70. Ke2 Kxh3 71. Kf3 Kh2 72. Nd3 Kg1 73. Kg4 Kf1 74. Nf4 Kf2 75. Kf5 Kg3 76. Ke5 Kg4 77. Ke4 Kg3 78. Ne2+ Kf2 79. Nf4 Kg3 80. Kf5 Kf3 81. Kg5 Kg3 82. Nh5+ Kf3 83. Kxh4 Ke4 84. Nf6+ Kd4 85. Kg4 Kc4 86. Nd7 Kb5 1/2-1/2

[Event "Francophone-ch rapid"]
[Site "St Laurent"]
[Date "2014.??.??"]
[Round "4"]
[White "Pile, Richard"]
[Black "Cacinschi, Alexandru"]
[Result "1-0"]
[WhiteElo "2412"]
[BlackElo "2106"]
[PlyCount "137"]
[EventDate "2014.07.05"]
[EventType "swiss (rapid)"]
[EventRounds "15"]
[EventCountry "FRA"]
[SourceTitle "CBM 161 Extra"]
[Source "ChessBase"]
[SourceDate "2014.08.29"]
[SourceVersion "1"]
[SourceVersionDate "2014.08.29"]
[SourceQuality "1"]

1. c4 c6 2. Nf3 d5 3. e3 Nf6 4. Nc3 e6 5. b3 Nbd7 6. Qc2 Bd6 7. Bb2 0-0 8. Rg1 e5 9. g4 e4 10. g5 exf3 11. gxf6 Nxf6 12. cxd5 Be5 13. dxc6 g6 14. Nb5 Bxb2 15. c7 Qe7 16. Qxb2 a6 17. Nd4 Qxc7 18. Nxf3 Ng4 19. Rg3 Nh6 20. Qe5 Qc2 21. Nd4 Qb2 22. Nc6 Qxe5 23. Nxe5 Nf5 24. Rg1 Be6 25. Be2 Rac8 26. Nd3 Rc2 27. Bd1 Rc7 28. Nf4 Bd7 29. Nd5 Rc6 30. Bg4 Re8 31. Bxf5 Bxf5 32. Nc3 Bd3 33. f3 b5 34. Rg4 Bf5 35. Rd4 Rb8 36. b4 Rbc8 37. e4 Be6 38. a4 Rc4 39. Rxc4 Bxc4 40. axb5 axb5 41. Ra7 Re8 42. Ra5 Re5 43. Kf2 Rh5 44. Kg3 Rg5+ 45. Kf4 Rg2 46. d4 Rxh2 47. Nxb5 Rb2 48. Nd6 Rxb4 49. Kg5 Kg7 50. Ne8+ Kf8 51. Ra8 Ke7 52. Nc7 Rb7 53. Na6 Bxa6 54. Rxa6 h5 55. d5 Rd7 56. f4 Rb7 57. e5 Rd7 58. Ra5 Rb7 59. Ra8 Rd7 60. d6+ Ke6 61. Re8+ Kd5 62. Re7 Kc6 63. Re8 Kd5 64. Kf6 Ke4 65. Re7 Rd8 66. Rxf7 Kxf4 67. d7 Rg8 68. e6 h4 69. e7 1-0

[Event "Nichelino op 14th"]
[Site "Nichelino"]
[Date "2013.10.06"]
[Round "5"]
[White "Damia, Angelo"]
[Black "Cacinschi, Alexandru"]
[Result "1/2-1/2"]
[WhiteElo "2188"]
[BlackElo "2065"]
[PlyCount "137"]
[EventDate "2013.10.04"]
[EventType "swiss"]
[EventRounds "5"]
[EventCountry "ITA"]
[SourceTitle "EXT 2015"]
[Source "ChessBase"]
[SourceDate "2014.11.20"]
[SourceVersion "1"]
[SourceVersionDate "2014.11.20"]
[SourceQuality "1"]

1. e4 e6 2. d4 d5 3. Nc3 Bb4 4. exd5 exd5 5. Qf3 c6 6. Bd3 Nf6 7. Bg5 Be7 8. h3 0-0 9. Nge2 Nbd7 10. g4 Re8 11. 0-0-0 Ne4 12. Bxe7 Qxe7 13. Bxe4 dxe4 14. Qe3 Nb6 15. Ng3 Nd5 16. Nxd5 cxd5 17. f3 exf3 18. Qxe7 Rxe7 19. Rhf1 Bd7 20. Rxf3 Rae8 21. Rdf1 g6 22. R1f2 Bb5 23. Kd2 Rc8 24. Rf6 Rc6 25. Rxc6 Bxc6 26. Re2 Kf8 27. b3 Bb5 28. Rf2 Ke8 29. a4 Ba6 30. Rf3 f6 31. Rc3 Kf7 32. Rc5 Rd7 33. Ra5 Ke6 34. b4 Bc4 35. Rxa7 f5 36. gxf5+ gxf5 37. Nh5 Kf7 38. Nf4 Re7 39. a5 Kf6 40. b5 Re4 41. Rxb7 Rxf4 42. a6 Bxb5 43. Rxb5 Rxd4+ 44. Ke3 Ra4 45. Rxd5 Rxa6 46. c4 Ra3+ 47. Kd4 Rxh3 48. c5 Rh4+ 49. Kd3 Ke6 50. Rd8 Ke7 51. Rd5 Ke6 52. Rd6+ Ke7 53. Kc3 Re4 54. Rd5 Ke6 55. Rd1 Ke7 56. Rh1 Kd7 57. Rh6 Kc7 58. Rf6 Rf4 59. Kd3 h5 60. Ke3 Re4+ 61. Kf3 Re5 62. Kf4 Re4+ 63. Kf3 Re5 64. Rh6 Rxc5 65. Rxh5 Kd6 66. Kf4 Rc4+ 67. Kxf5 Rc5+ 68. Kg6 Rxh5 69. Kxh5 1/2-1/2

[Event "Monte Sabotino op"]
[Site "Torino"]
[Date "2012.11.13"]
[Round "2"]
[White "Cacinschi, Alexandru"]
[Black "Vittoria, Giuseppe"]
[Result "1-0"]
[WhiteElo "2011"]
[BlackElo "1634"]
[PlyCount "69"]
[EventDate "2012.11.06"]
[EventType "swiss"]
[EventRounds "7"]
[EventCountry "ITA"]
[SourceTitle "EXT 2015"]
[Source "ChessBase"]
[SourceDate "2014.11.20"]
[SourceVersion "1"]
[SourceVersionDate "2014.11.20"]
[SourceQuality "1"]

1. d4 Nf6 2. Nf3 d5 3. c4 e6 4. e3 Be7 5. Nc3 c6 6. Qc2 0-0 7. Bd3 Nbd7 8. g4 dxc4 9. Bxc4 Nxg4 10. Rg1 Ngf6 11. e4 g6 12. Bg5 Nh5 13. 0-0-0 Bxg5+ 14. Nxg5 Ndf6 15. Qe2 a6 16. e5 Nd5 17. Nge4 Kh8 18. Bxd5 exd5 19. Nd6 Qe7 20. Na4 b5 21. Nb6 Rb8 22. Nbxc8 Rbxc8 23. Nxc8 Rxc8 24. Qg4 Re8 25. Kb1 Ng7 26. Rc1 Qc7 27. Rc3 Re6 28. Rgc1 Nf5 29. f4 Ng7 30. Qf3 Nh5 31. Qxd5 cxd5 32. Rxc7 Kg7 33. Rd7 Nxf4 34. Rcc7 Kh6 35. Rxf7 1-0

[Event "Monte Sabotino op"]
[Site "Torino"]
[Date "2012.11.06"]
[Round "1"]
[White "Tondo, Stefano"]
[Black "Cacinschi, Alexandru"]
[Result "1-0"]
[WhiteElo "1715"]
[BlackElo "2011"]
[PlyCount "69"]
[EventDate "2012.11.06"]
[EventType "swiss"]
[EventRounds "7"]
[EventCountry "ITA"]
[SourceTitle "EXT 2015"]
[Source "ChessBase"]
[SourceDate "2014.11.20"]
[SourceVersion "1"]
[SourceVersionDate "2014.11.20"]
[SourceQuality "1"]

1. b3 e5 2. Bb2 d6 3. e3 f5 4. Nf3 Nf6 5. Be2 Be7 6. d4 e4 7. Nfd2 d5 8. c4 c6 9. 0-0 0-0 10. Nc3 Bd6 11. c5 Bc7 12. b4 f4 13. b5 Ne8 14. exf4 Bxf4 15. Ncxe4 dxe4 16. Qb3+ Kh8 17. Nxe4 Bxh2+ 18. Kxh2 Qh4+ 19. Kg1 Qxe4 20. Rae1 Qg6 21. Bd3 Qh6 22. Qf7 Qf6 23. Qxe8 Bd7 24. Qe7 cxb5 25. d5 Qf7 26. Bf5 Kg8 27. Bxh7+ Kxh7 28. Qh4+ Kg8 29. Re7 Qg6 30. Rxg7+ Qxg7 31. Bxg7 Kxg7 32. Qg5+ Kf7 33. Re1 Re8 34. Qh5+ Kf8 35. Qh8+ 1-0

[Event "Torino Trofeo Perelli"]
[Site "Torino"]
[Date "2012.04.02"]
[Round "4"]
[White "Quirico, Paolo"]
[Black "Cacinschi, Alexandru"]
[Result "1-0"]
[WhiteElo "2148"]
[BlackElo "2014"]
[PlyCount "97"]
[EventDate "2012.03.12"]
[EventType "swiss"]
[EventRounds "7"]
[EventCountry "ITA"]
[SourceTitle "EXT 2018"]
[Source "ChessBase"]
[SourceDate "2017.10.13"]
[SourceVersion "1"]
[SourceVersionDate "2017.10.13"]
[SourceQuality "1"]

1. c4 Nf6 2. g3 e6 3. Bg2 d5 4. Nf3 Be7 5. 0-0 0-0 6. d4 dxc4 7. Ne5 Nc6 8. Nxc6 bxc6 9. Na3 Rb8 10. Nxc4 c5 11. Ne5 Bb7 12. Bxb7 Rxb7 13. Nc6 Qd7 14. Nxe7+ Qxe7 15. b3 cxd4 16. Qxd4 Rd8 17. Qh4 Qb4 18. Qxb4 Rxb4 19. Bg5 Rbd4 20. Rfc1 R8d7 21. Bxf6 gxf6 22. Rc2 Rb4 23. Rac1 Rb7 24. Kf1 Kf8 25. Ke1 Ke7 26. Rc4 Kf8 27. Rd1 Rxd1+ 28. Kxd1 f5 29. Kd2 Kg7 30. Kc3 a5 31. Rc5 Ra7 32. a4 Kf6 33. Rc4 Kg7 34. Rc6 Kf8 35. Kc4 Ke8 36. Kb5 Rb7+ 37. Kxa5 Rxb3 38. Rxc7 Rb2 39. Ka6 Rxe2 40. a5 Rxf2 41. Kb7 Rb2+ 42. Ka7 e5 43. a6 e4 44. Rb7 Ra2 45. Rb3 Rd2 46. Kb8 Rd8+ 47. Kb7 Rd7+ 48. Kc6 Ke7 49. Rb7 1-0

[Event "Torino Trofeo Perelli"]
[Site "Torino"]
[Date "2012.03.12"]
[Round "1"]
[White "Cacinschi, Alexandru"]
[Black "Fiorito, Giovanni"]
[Result "1-0"]
[WhiteElo "2014"]
[BlackElo "1587"]
[PlyCount "87"]
[EventDate "2012.03.12"]
[EventType "swiss"]
[EventRounds "7"]
[EventCountry "ITA"]
[SourceTitle "EXT 2018"]
[Source "ChessBase"]
[SourceDate "2017.10.13"]
[SourceVersion "1"]
[SourceVersionDate "2017.10.13"]
[SourceQuality "1"]

1. e4 d5 2. exd5 Nf6 3. g3 Qxd5 4. Qf3 Bd7 5. Nc3 Qxf3 6. Nxf3 Nc6 7. a3 e5 8. d3 Bc5 9. Bg2 0-0 10. 0-0 Rfe8 11. Bg5 Be7 12. Rad1 h6 13. Bc1 Bc5 14. h3 a6 15. Rfe1 Rad8 16. Kf1 Nd4 17. Rxe5 Nxf3 18. Rxc5 Bc6 19. Rxc6 Nh2+ 20. Kg1 bxc6 21. Kxh2 Nd5 22. Nxd5 cxd5 23. Kg1 a5 24. Kf1 c6 25. a4 Re7 26. Bd2 Rb8 27. b3 Ra8 28. Re1 Kf8 29. Rxe7 Kxe7 30. Ke2 Ke6 31. d4 c5 32. dxc5 Rc8 33. Be3 g5 34. Kd3 Rg8 35. Kd4 h5 36. Bxd5+ Kf6 37. c6 g4 38. h4 Ke7 39. Kc5 Kd8 40. Bxf7 Rf8 41. Be6 Ke7 42. Bd7 Kd8 43. Kb6 Rf7 44. Bg5+ 1-0

[Event "Torino op 37th"]
[Site "Torino"]
[Date "2011.11.01"]
[Round "5"]
[White "Fassio, Luca"]
[Black "Cacinschi, Alexandru"]
[Result "0-1"]
[WhiteElo "2101"]
[BlackElo "1989"]
[PlyCount "118"]
[EventDate "2011.10.29"]
[EventType "swiss"]
[EventRounds "6"]
[EventCountry "ITA"]
[SourceTitle "EXT 2018"]
[Source "ChessBase"]
[SourceDate "2017.10.13"]
[SourceVersion "1"]
[SourceVersionDate "2017.10.13"]
[SourceQuality "1"]

1. e4 e6 2. d4 d5 3. Nd2 c5 4. exd5 exd5 5. Ngf3 Nf6 6. Bb5+ Bd7 7. Qe2+ Be7 8. 0-0 0-0 9. dxc5 Bxc5 10. Bxd7 Qxd7 11. Nb3 Bb6 12. Bg5 Re8 13. Qd3 Ne4 14. Rad1 Nc6 15. c3 h6 16. Bh4 g5 17. Bg3 Rad8 18. Nfd4 f5 19. h4 f4 20. Bh2 Ne5 21. Qe2 Ng4 22. Qf3 Nxh2 23. Kxh2 g4 24. Qd3 g3+ 25. fxg3 fxg3+ 26. Kh1 Qg4 27. Nf5 Re6 28. Rde1 Nf2+ 29. Rxf2 Rxe1+ 30. Rf1 Rxf1+ 31. Qxf1 Kh7 32. Qf3 Qxf3 33. gxf3 Rf8 34. Nbd4 Kg6 35. Ne7+ Kh5 36. Kg2 Bxd4 37. cxd4 Rf7 38. Nxd5 Kxh4 39. Ne3 Rc7 40. d5 Rc8 41. d6 Rd8 42. Nf5+ Kg5 43. Nxg3 Kf6 44. Ne4+ Ke5 45. Kg3 Rxd6 46. Nxd6 Kxd6 47. Kf4 Ke6 48. Ke4 h5 49. Kf4 Kf6 50. Ke4 a6 51. b4 b6 52. Kf4 b5 53. Ke4 Kg5 54. Ke5 h4 55. f4+ Kh6 56. f5 h3 57. f6 h2 58. f7 Kg7 59. Ke6 h1Q 0-1

[Event "Turin Epifania op 36th"]
[Site "Turin"]
[Date "2011.01.09"]
[Round "7"]
[White "Cacinschi, Alexandru"]
[Black "Pozzi, Massimo"]
[Result "1/2-1/2"]
[WhiteElo "1969"]
[BlackElo "2035"]
[PlyCount "81"]
[EventDate "2011.01.05"]
[EventType "swiss"]
[EventRounds "7"]
[EventCountry "ITA"]
[SourceTitle "EXT 2012"]
[Source "ChessBase"]
[SourceDate "2011.11.24"]
[SourceVersion "1"]
[SourceVersionDate "2011.11.24"]
[SourceQuality "1"]

1. d4 d5 2. Nf3 Nf6 3. c4 c6 4. Nc3 a6 5. c5 g6 6. Bf4 Bg7 7. h3 0-0 8. e3 Nfd7 9. Be2 f6 10. 0-0 e5 11. Bh2 e4 12. Nd2 f5 13. Bd6 Rf7 14. b4 Nf8 15. a4 Ne6 16. b5 f4 17. Qb3 Qg5 18. Ndxe4 dxe4 19. Nxe4 Qd5 20. Qxd5 cxd5 21. Nc3 fxe3 22. Nxd5 Nxd4 23. Bc4 Be6 24. fxe3 axb5 25. axb5 Rxa1 26. Rxa1 Ne2+ 27. Bxe2 Bxa1 28. Nf4 Rxf4 29. exf4 Bd4+ 30. Kh2 Nd7 31. c6 bxc6 32. bxc6 Nb6 33. Bd3 Kf7 34. g4 Bd5 35. c7 Ke6 36. Bf8 Kd7 37. h4 Bf6 38. h5 Bf7 39. g5 Be7 40. Bxe7 Kxe7 41. hxg6 1/2-1/2

[Event "Turin Epifania op 36th"]
[Site "Turin"]
[Date "2011.01.08"]
[Round "5"]
[White "Cacinschi, Alexandru"]
[Black "Finocchiaro, Gianluca"]
[Result "0-1"]
[WhiteElo "1969"]
[BlackElo "2108"]
[PlyCount "68"]
[EventDate "2011.01.05"]
[EventType "swiss"]
[EventRounds "7"]
[EventCountry "ITA"]
[SourceTitle "EXT 2012"]
[Source "ChessBase"]
[SourceDate "2011.11.24"]
[SourceVersion "1"]
[SourceVersionDate "2011.11.24"]
[SourceQuality "1"]

1. Nf3 Nc6 2. d4 d5 3. Nc3 Nf6 4. Bf4 a6 5. h3 Bf5 6. a3 Ne4 7. e3 Nxc3 8. bxc3 e6 9. c4 Bd6 10. Bxd6 Qxd6 11. c5 Qe7 12. Bd3 Bxd3 13. cxd3 0-0 14. 0-0 f5 15. Qb3 Rab8 16. Rab1 Qf6 17. Qc3 g5 18. Ne5 Nxe5 19. dxe5 Qg6 20. f4 Kh8 21. Qd2 Rg8 22. d4 g4 23. hxg4 Qxg4 24. Rb2 Rg6 25. Qe2 Qh4 26. Qf2 Rg3 27. Qd2 Rbg8 28. Rf2 Rh3 29. Kf1 Rh1+ 30. Ke2 Qg4+ 31. Kd3 Rd1 32. Rxb7 Rxd2+ 33. Rxd2 Qg3 34. Rxc7 Rb8 0-1

[Event "Nichelino op 11th"]
[Site "Nichelino"]
[Date "2010.10.02"]
[Round "4"]
[White "Passerotti, Pierluigi"]
[Black "Cacinschi, Alexandru"]
[Result "1/2-1/2"]
[WhiteElo "2268"]
[BlackElo "1959"]
[PlyCount "81"]
[EventDate "2010.09.30"]
[EventType "swiss"]
[EventRounds "6"]
[EventCountry "ITA"]
[SourceTitle "EXT 2024"]
[Source "ChessBase"]
[SourceDate "2023.10.10"]
[SourceVersion "1"]
[SourceVersionDate "2023.10.10"]
[SourceQuality "1"]

1. d4 Nf6 2. Nf3 e6 3. Bg5 Be7 4. e3 b6 5. Bd3 Bb7 6. 0-0 0-0 7. Nbd2 d5 8. c4 Nbd7 9. Rc1 dxc4 10. Nxc4 c5 11. Qe2 cxd4 12. exd4 Nd5 13. Bd2 N7f6 14. a3 Rc8 15. Rfe1 Bd6 16. Nce5 h6 17. Bb1 Qe7 18. Qd3 Rxc1 19. Bxc1 Rc8 20. h4 Qc7 21. Bd2 Ne7 22. g4 Kf8 23. g5 hxg5 24. hxg5 Nfg8 25. Qh7 Bxf3 26. Nxf3 g6 27. Ne5 Bxe5 28. dxe5 Qc4 29. Re4 Qd5 30. Rf4 Ke8 31. Qxf7+ Kd7 32. Rf3 Qxe5 33. Rd3+ Kc6 34. Rc3+ Kb7 35. Bxg6 Rxc3 36. bxc3 Qe2 37. Be3 Qg4+ 38. Kh2 Qh4+ 39. Kg2 Qg4+ 40. Kf1 Qd1+ 41. Kg2 1/2-1/2

[Event "Nichelino op 11th"]
[Site "Nichelino"]
[Date "2010.10.01"]
[Round "2"]
[White "Grinza, Andrea"]
[Black "Cacinschi, Alexandru"]
[Result "0-1"]
[WhiteElo "2239"]
[BlackElo "1959"]
[PlyCount "142"]
[EventDate "2010.09.30"]
[EventType "swiss"]
[EventRounds "6"]
[EventCountry "ITA"]
[SourceTitle "EXT 2024"]
[Source "ChessBase"]
[SourceDate "2023.10.10"]
[SourceVersion "1"]
[SourceVersionDate "2023.10.10"]
[SourceQuality "1"]

1. d4 Nf6 2. c4 e6 3. Nc3 Bb4 4. Bg5 c5 5. d5 d6 6. Rc1 e5 7. e3 Bf5 8. Qf3 Bg6 9. h4 h5 10. Nge2 Nbd7 11. a3 Bxc3+ 12. Nxc3 a6 13. g3 Qa5 14. Bxf6 Nxf6 15. Qd1 Be4 16. f3 Bf5 17. Qa4+ Qxa4 18. Nxa4 Ke7 19. Nb6 Rab8 20. e4 Nd7 21. Na4 Bg6 22. Nc3 f5 23. Bh3 fxe4 24. Bxd7 Kxd7 25. fxe4 b5 26. cxb5 axb5 27. b4 Rhc8 28. bxc5 Rxc5 29. Kd2 b4 30. axb4 Rxb4 31. Rhe1 Rd4+ 32. Ke3 Rcc4 33. Kf2 Bxe4 34. Nb5 Rxc1 35. Rxc1 Rxd5 36. Nc3 Rd4 37. Ra1 g6 38. Ra7+ Ke6 39. Nb5 Rb4 40. Nc7+ Kf5 41. Ne8 Rb6 42. Ng7+ Kg4 43. Ne6 d5 44. Ng5 Rb2+ 45. Ke1 Bd3 46. Nf7 Kxg3 47. Ra3 e4 48. Ne5 Rb6 49. Nxd3 exd3 50. Rxd3+ Kxh4 51. Rd4+ Kg3 52. Rxd5 h4 53. Rg5+ Kf4 54. Ra5 Rb4 55. Kf2 Rb2+ 56. Kg1 g5 57. Ra4+ Kg3 58. Ra3+ Kg4 59. Ra4+ Kh5 60. Rc4 h3 61. Ra4 g4 62. Rc4 g3 63. Rc1 Kg4 64. Rc4+ Kf5 65. Rc1 Ke4 66. Ra1 Kd4 67. Ra4+ Kc5 68. Ra1 Kb4 69. Re1 Ka3 70. Ra1+ Kb3 71. Re1 Ka2 0-1